La Reforma laboral en el Marco de la Flexibilización. = Labor reform in the Flexibility Framework /

Guardado en:
Bibliografiske detaljer
Hovedforfatter: Salazar Borrego, Neiza
Format: Texto
Tags: Tilføj Tag
Ingen Tags, Vær først til at tagge denne postø!

MARC

LEADER 00000 a a2200000 04500
001 8250
003
040
100 |a Salazar Borrego, Neiza  
245 |a La Reforma laboral en el Marco de la Flexibilización. =   |b Labor reform in the Flexibility Framework /  |c Neiza Salazar Borrego 
500 |a Contiene referencias bibliográficas%Resumen también en inglésContiene referencias bibliográficas%Resumen también en inglés  
773 |g volumen 6; páginas 281-292  
999 |c 30689  |d 30689